000 00628nam a22002057a 4500
005 20220713163758.0
008 220713b ||||| |||| 00| 0 eng d
040 _cAL
041 _aEnglish
082 _223
_a331.880973
_bPETA
100 _aFlorence Peterson
_948868
245 _aAmerican Labor Unions:what they are and how they work
260 _aNew York
_bHarper and Brothers Publishers
_c1952
300 _a270 p.
_bHB
_c21x14 cm.
650 _alabor unions
_948869
650 _aearly history
_948870
650 _aStructure and internal government
_948871
700 _aPETERSON (Florence)
_948872
942 _2ddc
_cGF
999 _c223744
_d223744